Využití certifikátů pro sledování výroby, přeměn a ukladání obnovitelné energie

Spotrebovaná elektrina z obnoviteľných zdrojov. Trendy trhu so zárukami pôvodu. Získanie statusu zelenej firmy.

Saved in:
Bibliographic Details
Main Author: Svoboda, Petr
Format: Book Chapter
Language:Czech
Subjects:
Tags: Add Tag
No Tags, Be the first to tag this record!

MARC

LEADER 00000naa a2200000 4500
001 0281033
005 20240417075150.8
041 0 |a cze 
044 |a CZ 
245 1 0 |a Využití certifikátů pro sledování výroby, přeměn a ukladání obnovitelné energie  |c Petr Svoboda 
520 |a Spotrebovaná elektrina z obnoviteľných zdrojov. Trendy trhu so zárukami pôvodu. Získanie statusu zelenej firmy. 
610 2 0 |a energetika 
610 2 0 |a hospodárnosť 
610 2 0 |a spotreba energie 
100 1 |a Svoboda, Petr